LEADER 00666ngm 2200193zu 450 001 9911064820903321 005 20260223145941.0 035 $a(CKB)45389002300041 035 $a(EXLCZ)9945389002300041 100 $a20260223|2025uuuu || v 101 0 $aeng 135 $aur||||||||||| 200 10$aResearch on Transmission Line Personal Protective Equipment Detection Algorithm Based on Improved YOLOv11 210 $cMyJoVE Corporation$d2025 700 $aDong Wei$01266592 906 $aDOCUMENT 912 $a9911064820903321 996 $aResearch on Transmission Line Personal Protective Equipment Detection Algorithm Based on Improved YOLOv11$94546379 997 $aUNINA